Name the Top 50 Most Visited Cities in America - Statistics

General Stats
  • This quiz has been taken 81 times
  • The average score is 34 of 50
Answer Stats
Rank State City % Correct
4 NY New York
100%
2 CA Los Angeles
98%
6 GA Atlanta
97%
12 IL Chicago
97%
5 CO Denver
97%
3 NV Las Vegas
97%
15 FL Miami
97%
1 FL Orlando
97%
7 AZ Phoenix
95%
14 TX Dallas
94%
11 CA San Diego
94%
13 WA Seattle
94%
9 MA Boston
92%
20 TX Houston
92%
26 OR Portland
89%
19 HI Honolulu
88%
31 LA New Orleans
88%
21 PA Philadelphia
88%
32 TX Austin
86%
25 UT Salt Lake City
86%
8 FL Tampa
86%
34 OH Cleveland
85%
23 TN Nashville
83%
28 MN Minneapolis
80%
18 NC Charlotte
78%
37 PA Pittsburgh
75%
29 NC Raleigh
75%
30 FL Jacksonville
74%
42 CA San Jose
69%
35 MO St. Louis
69%
48 MI Detroit
68%
39 NM Albuquerque
66%
16 VA Washington D.C.
66%
47 IN Indianapolis
65%
49 CA Sacramento
62%
45 NM San Antonio
62%
38 SC Charleston
60%
33 GA Savannah
57%
43 RI Providence
54%
10 FL Fort Lauderdale
52%
50 CA Oakland
51%
41 SC Myrtle Beach
37%
36 MA Baltimore
35%
22 FL Fort Myers
15%
24 HI Maui
12%
40 OH Colombus
11%
27 FL West Palm Beach
9%
17 CA San Fransisco
6%
44 NC Burlington
2%
46 HI Kalaoa
0%
No matching quizzes found
Score Distribution
Percent of People with Each Score
Percentile by Number Answered
Your Score History
You have not taken this quiz